| 000 | 00915cab a2200253 4500 | ||
|---|---|---|---|
| 001 | ABS56089 | ||
| 008 | 090401t1996 xxu||||| |||| 00| 0 eng d | ||
| 035 | _a(Sirsi) u21086 | ||
| 041 | _aeng | ||
| 100 | _aShea, C. | ||
| 245 | 2 | _aA deposit is no longer a gamble | |
| 260 | _c1996 | ||
| 350 | _a0 | ||
| 490 |
_aProperty Week _v54(4) 25 October 1996, 25(1) |
||
| 520 | _aExamines the case of "Chattey and another v Farndale Holdings Inc" which clarifies the position of a purchaser who pays a deposit before the property has been built, the court finding that there was sufficient equitable interest to enforce their right, thus having purchasers` lien. | ||
| 650 | _aCHATTEY AND ANOTHER V FARNDALE HOLDINGS INC | ||
| 650 | _aDEPOSITS | ||
| 650 | _aPURCHASERS LIEN | ||
| 650 | _aUNBUILT PROPERTY | ||
| 690 | _aPROPERTY LAW AND PRACTICE | ||
| 700 | _aTanney, A. | ||
| 942 | _n0 | ||
| 948 | _c04/03/1997 | ||
| 999 |
_c14150 _d14150 |
||